The highest good. (Record no. 5050)

000 -LEADER
fixed length control field 00581nam a2200193 a 4500
001 - CONTROL NUMBER
control field :::00002791$&:&@@
003 - CONTROL NUMBER IDENTIFIER
control field OkBaRHE
005 - DATE AND TIME OF LATEST TRANSACTION
control field 20100401122133.0
008 - FIXED-LENGTH DATA ELEMENTS--GENERAL INFORMATION
fixed length control field j 000 0 eng u
040 ## - CATALOGING SOURCE
Transcribing agency
100 1# - MAIN ENTRY--PERSONAL NAME
Personal name Chambers, Oswald, 1874-1917.
245 14 - TITLE STATEMENT
Title The highest good.
260 ## - PUBLICATION, DISTRIBUTION, ETC. (IMPRINT)
Place of publication, distribution, etc London, UK:EN., :
Name of publisher, distributor, etc Simpkin Marshall Ltd.
300 ## - PHYSICAL DESCRIPTION
Extent 46 p. ;
Dimensions 19 cm.
650 ## - SUBJECT ADDED ENTRY--TOPICAL TERM
Topical term or geographic name as entry element Christian Ethics
650 ## - SUBJECT ADDED ENTRY--TOPICAL TERM
Topical term or geographic name as entry element Redemption
General subdivision Biblical Teaching
942 ## - ADDED ENTRY ELEMENTS (KOHA)
Source of classification or shelving scheme
Koha item type Books
Copies
Price effective from Permanent Location Withdrawn status Koha item type Date last seen Source of classification or shelving scheme Not for loan Barcode Shelving location Copy number Damaged status Full call number Lost status Date acquired
2010-04-14RHEMA Bible Training College Books2018-03-16  2791General Stacks1 BS 2417 .E8 C5 2010-04-14